| 000 | 00759nam a22002417a 4500 | ||
|---|---|---|---|
| 003 | UA-OsUOA | ||
| 001 | 75277 | ||
| 007 | ta | ||
| 008 | 20110517b un ||||| |||| 00| 0 ukr d | ||
| 100 | _aДегодюк Е.Г. | ||
| 090 |
_a94(477.54) _bД26 |
||
| 942 | _cBK | ||
| 040 |
_aUA-OsUOA _bukr _cUA-OsUOA _dUA-OsUOA |
||
| 245 | _aЛиман. З авторського циклу: "Історія рідного краю" | ||
| 300 | _a204 с. | ||
| 955 | _a3 | ||
| 041 | _aukr | ||
| 080 | _a94(477.54) | ||
| 260 |
_aК. _bНародні джерела _c2009 |
||
| 246 | 3 | 1 |
_aСело Зміївського району Харківської області _n |
| 650 | 7 |
_a9 Географія. Біографії. Історія _2UDC |
|
| 999 |
_c361577 _d361577 |
||